Methods of noncommutative analysis : theory and applications /

Guardado en:
Autor Principal: Nazaikinskii, V. E.
Otros Autores: Shatalov, V. E., Sternin, B. IU.
Formato: Libro
Idioma:English
Publicado: Berlin : Walter de Gruyter, 1996.
Series:de Gruyter studies in mathematics ; 22
Etiquetas: Agregar Etiqueta
Sin Etiquetas, Sea el primero en etiquetar este registro!
LEADER 01018nam a22002175a 4500
001 MAT.inmabb000118
008 950817s1996####nyu######b####001#0#eng##
005 20130311165016.0
245 1 0 |a Methods of noncommutative analysis :  |b theory and applications /  |c Vladimir E. Nazaikinskii, Victor E. Shatalov, Boris Yu. Sternin. 
260 |a Berlin :  |b Walter de Gruyter,  |c 1996. 
300 |a x, 373 p. ;  |c 25 cm. 
440 0 |a de Gruyter studies in mathematics ;  |v 22 
504 |a Includes bibliographical references (p. [356]-369) and index. 
505 0 |a 1. Elementary notion of noncommutative analysis -- 2. Method of ordered representation -- 3. Noncommutative analysis and differential equations -- 4. Functional-analytic background of noncommutative analysis. 
510 4 |a MR,  |c 98k:58205 
020 |a 3110146320 
100 1 |a Nazaikinskii, V. E. 
700 1 |a Shatalov, V. E.  |q (Viktor Evgen´evich) 
700 1 |a Sternin, B. IU. 
084 |a 58Jxx (35-02 46-02 47A60 47N20)  |2 msc2000 
859 |h 58  |i N334  |p A-7819  |b BIB. MATEMATICA